000 00599nam a2200193Ii 4500
003 JO-AjNU
008 230605s9999||||xx |||||||||||||| ||und||
040 _aJO-AjNU
_bara
_erda
_cJO-AjNU
041 _aara
050 1 4 _aK3400.S25.1993
100 3 _a جمال الدين ، سامى ,
_eauthor
_931288
245 0 0 _aأصول القانون الإداري : نظرية العمل الاداري
250 _a(د،ط)
264 3 1 _aد ، م : د ، ن ، 1993
300 _a399ص
336 _atext
_btxt
_2rdacontent
337 _aunmediated
_bn
_2rdamedia
338 _avolume
_bnc
_2rdacarrier
999 _aA12499
_c16067
_d16067